Normal view
MARC view
Entry Personal Name
001 - CONTROL NUMBER
- control field: 39646
003 - CONTROL NUMBER IDENTIFIER
- control field: ARRUPE
005 - DATE AND TIME OF LATEST TRANSACTION
- control field: 20180227110015.0
008 - FIXED-LENGTH DATA ELEMENTS
- fixed length control field: 180227|| aca||aabn | a|a d
040 ## - CATALOGING SOURCE
- Original cataloging agency: ARRUPE
- Transcribing agency: ARRUPE
100 ## - HEADING--PERSONAL NAME
- Personal name: Akeredolu, Olusina
670 ## - SOURCE DATA FOUND
- Source citation: Work cat.: (ARRUPE): Akeredolu, Olusina, The indigenous African criminal justice system for the modern world, 2016